| 000 | 00434cam a2200169ua 4500 | ||
|---|---|---|---|
| 041 |
_aeng _h |
||
| 082 |
_a823.308 _bSCO/LA |
||
| 100 | _aScott, J M . | ||
| 245 |
_aLand of seats / _cJ M Scott. _hTextual Documents |
||
| 260 |
_aLondon : _bUniversity of London Press Ltd , _c1961. |
||
| 300 | _a192 ; . | ||
| 440 | 0 |
_aThe Pilot Books, _v _x; |
|
| 490 | 0 |
_aThe Pilot Books, _v _x; |
|
| 504 | _a | ||
| 942 | _cBK | ||
| 999 |
_c5150 _d5150 |
||